<?xml version="1.0" encoding="UTF-8"?>
<record
    xmlns:xsi="http://www.w3.org/2001/XMLSchema-instance"
    xsi:schemaLocation="http://www.loc.gov/MARC21/slim http://www.loc.gov/standards/marcxml/schema/MARC21slim.xsd"
    xmlns="http://www.loc.gov/MARC21/slim">

  <leader>00451nam a22001097a 4500</leader>
  <controlfield tag="008">150622b        xxu||||| |||| 00| 0 eng d</controlfield>
  <datafield tag="010" ind1=" " ind2=" ">
    <subfield code="8">HCCRSF: 006</subfield>
  </datafield>
  <datafield tag="245" ind1=" " ind2=" ">
    <subfield code="a">HIGH COURT CRIMINAL SESSION No.185 of 1970 Uganda Vs Temiseo Ogiki</subfield>
  </datafield>
  <datafield tag="260" ind1=" " ind2=" ">
    <subfield code="a">High Court Kampala</subfield>
  </datafield>
  <datafield tag="500" ind1=" " ind2=" ">
    <subfield code="3">(original criminal Case No. MH 282 of 1969 in the chief Magistrate's court Masindi
Before: J.N. Kakad  Esq., Chief Magistrate Grd.1)
</subfield>
  </datafield>
  <datafield tag="500" ind1=" " ind2=" ">
    <subfield code="3">Before: Hon. Mr. Justice Youds</subfield>
  </datafield>
  <datafield tag="999" ind1=" " ind2=" ">
    <subfield code="c">6564</subfield>
    <subfield code="d">6564</subfield>
  </datafield>
  <datafield tag="952" ind1=" " ind2=" ">
    <subfield code="0">0</subfield>
    <subfield code="1">0</subfield>
    <subfield code="2">ddc</subfield>
    <subfield code="4">0</subfield>
    <subfield code="6">HCCRSF_006</subfield>
    <subfield code="7">0</subfield>
    <subfield code="9">12438</subfield>
    <subfield code="a">ARC</subfield>
    <subfield code="b">ARC</subfield>
    <subfield code="c">ARC</subfield>
    <subfield code="d">2015-06-22</subfield>
    <subfield code="l">0</subfield>
    <subfield code="o">HCCRSF:006</subfield>
    <subfield code="p">0890/2015</subfield>
    <subfield code="r">2015-06-22 00:00:00</subfield>
    <subfield code="w">2015-06-22</subfield>
    <subfield code="y">URC</subfield>
    <subfield code="z">Judgement entered on 27/7/70</subfield>
  </datafield>
  <datafield tag="952" ind1=" " ind2=" ">
    <subfield code="0">0</subfield>
    <subfield code="1">0</subfield>
    <subfield code="2">ddc</subfield>
    <subfield code="4">0</subfield>
    <subfield code="6">HCCRSF_006</subfield>
    <subfield code="7">0</subfield>
    <subfield code="9">12439</subfield>
    <subfield code="a">ARC</subfield>
    <subfield code="b">ARC</subfield>
    <subfield code="c">ARC</subfield>
    <subfield code="d">2015-06-22</subfield>
    <subfield code="l">0</subfield>
    <subfield code="o">HCCRSF:006</subfield>
    <subfield code="p">0891/2015</subfield>
    <subfield code="r">2015-06-22 00:00:00</subfield>
    <subfield code="w">2015-06-22</subfield>
    <subfield code="y">URC</subfield>
    <subfield code="z">Judgement entered on 27/7/70</subfield>
  </datafield>
</record>
